|
|
|
|
| LEADER |
01144cam a2200337 7i4500 |
| 001 |
0000063950 |
| 005 |
20190903090000.0 |
| 005 |
##20190903123000.0 |
| 003 |
##MY-KlINT |
| 008 |
201511020082008my d g 1 may d |
| 020 |
# |
# |
|a 9789675026591
|
| 039 |
# |
9 |
|a 201909031230
|b Amir
|c 201909031144
|d rozila
|c 201909031138
|d rozila
|y 201511041905
|z VLOAD
|
| 040 |
# |
# |
|a IKWS
|
| 082 |
0 |
0 |
|a 153.35
|
| 090 |
0 |
0 |
|a 153.35
|b JAM
|
| 100 |
1 |
# |
|a Jamaludin Haji Ahmad
|e author
|
| 245 |
1 |
0 |
|a MODUL & PENGENDALIAN BIMBINGAN KELOMPOK /
|c Haji Jamaludin Haji Ahmad.
|
| 264 |
# |
0 |
|c ♭2008
|
| 264 |
# |
0 |
|a Serdang
|b Penerbit Universiti Putra Malaysia
|c 2008
|
| 300 |
# |
# |
|a vii, 274 pages:
|b illustrations;
|c 24cm.
|
| 336 |
# |
# |
|a text
|2 rdacontent
|
| 337 |
# |
# |
|a unmediated
|2 rdamedia
|
| 338 |
# |
# |
|a volume
|2 rdacarrier
|
| 504 |
# |
# |
|a Includes bibliographical references and index
|
| 583 |
# |
# |
|a LULUS
|
| 650 |
# |
0 |
|a Group counseling
|
| 650 |
# |
0 |
|a Counseling
|
| 997 |
|
|
|a IKWS ELMU
|
| 998 |
|
|
|a 3000015880 5000000983
|
| 999 |
|
|
|a 3000015880
|b BOOK
|c Main Non-Fiction
|e INTAN Kampus Wilayah Selatan
|
| 999 |
|
|
|a 5000000983
|b BOOK
|c Main Non-Fiction
|e INTAN Kampus Wilayah Utara
|